000 00557nam a22001577a 4500
003 OSt
005 20151104101244.0
008 151104b xxu||||| |||| 00| 0 eng d
040 _cRUA
082 _aFOR គ្រុយ 1995 B121 Or.1
100 _93322
_aគ្រុយ ទីម៉េង
245 _aវិភាគទាន នៃ ការសិក្សា បន្សាំអ័រគីដេព្រៃ និង បច្ចេកទេសផ្សាំ
260 _aPhnom Penh
_bRUA
_c1995
300 _a86p.
_bill.
_c29cm.
942 _2ddc
_cFOR
999 _c3100
_d3100